000
00255nam a2200109Ia 4500
008
220204s9999 xx 000 0 und d
082
_a
82-3
_b
LOM
100
_a
Lomax, Bliss
245
0
_a
Stranger with a gun
260
_a
New York
_b
Dell
_c
1977
942
_c
BK
999
_c
31023
_d
31023